000
00196 a2200097 4500
001
18599
100
_a
Nasar A
245
_a
Al hussain
260
_a
_b
Mery library
_c
1970
090
_c
13827
_d
13827
942
_a
NUST-CAE
_c
M
_c
4255
999
_c
253672
_d
253672